00894cam a22002417a 4500999001500000003000400015005001700019008004100036017004500077020001800122040002400140100002800164245011000192260004100302300002600343504001200369600002600381650005100407650004300458700002300501942000800524952012000532 c7173d7173OSt20181108160358.0181108e201806 spca b 001 0 cat d aDL B. 9786-2018bBiblioteca de Catalunya a9788497102742 aES-BaUABbcatcCDMR1 aLuna, Joaquín,d1958-10aQuina tropa! b: aventures i desventures d'un periodista divorciat /cJoaquim Luna ; pròleg d'Albert Om aBarcelona :bEdicions Destino,c2018 a303 p. :bil ;c21 cm aÍndex17aLuna, Jaquín2lemac07aPeriodisteszCatalunyaxBiografia2lemac92400 7aPeriodisteszEspanyaxBiografia2lemac1 aOm, Albert,d1966- cMON 00104070aCDMRbCDMRd2018-11-08eDonacióg17.90l0oDu 1/140pCDMR18111613r2018-11-08v17.90w2018-11-08yMON